Logo BPK

Biblioteka

Politechniki Koszalińskiej

Słownik handlowo-finansowy : (Rekord nr 53192)

Szczegóły MARC
000 -ETYKIETA REKORDU
podpole kontrolne o stałej długości 01005nam a2200313 i 4500
001 - NUMER KONTROLNY REKORDU
pole kontrolne bg
020 ## - MIĘDZYNARODOWY ZNORMALIZOWANY NUMER KSIĄŻKI - ISBN
ISBN 8385366695
040 ## - ŹRÓDŁO KATALOGOWANIA
Instytucja, która utworzyła rekord BPK
041 1# - KOD JĘZYKA
Kod języka tekstu polger
080 ## - UNIWERSALNA KLASYFIKACJA DZIESIĘTNA - UKD
UKD 336+339](038)=112.2=162.1
920 ## - Międzynarodowy znormalizowany numer książki – ISBN
ISBN 83-85366-69-5
008 - POLE O STAŁEJ DŁUGOŚCI - DANE KONTROLNE
podpole kontrolne o stałej długości s pl f |000 0 pol
100 1# - NAZWA OSOBOWA
Nazwa osobowa DREGER, Henryk
245 10 - TYTUŁ/ODPOWIEDZIALNOŚĆ
Tytuł Słownik handlowo-finansowy :
Ciąg dalszy tytułu polsko-niemiecki, niemiecko-polski /
Pozostałe elementy strefy tytułu i oznaczenia odpowiedzialności Henryk Dreger, Piotr Dreger.
246 11 - WARIANT TYTUŁU
Tytuł Wörterbuch für Handel und Finanzen
250 ## - STREFA WYDANIA
Oznaczenie wydania Wyd. 2 popr.
260 ## - STREFA ADRESU WYDAWNICZEGO
Miejsce wydania Warszawa :
Nazwa wydawcy/dystrybutora "Poltext",
Data publikacji, dystrybucji/powstania dokumentu 1998.
300 ## - STREFA OPISU FIZYCZNEGO
Objętość 299 ; 367 s. ;
Rozmiary 22 cm.
500 ## - UWAGI OGÓLNE
Tekst uwagi Oprawne w kierunku przeciwstawnym.
501 ## - UWAGA DOTYCZĄCA PRAC WSPÓŁWYDANYCH
Tekst uwagi Współwyd. z: Wörterbuch für Handel und Finanzen : deutsch-polnisches, polnisch-deutsches / Henryk Dreger, Piotr Dreger.
650 #9 - HASŁO PRZEDMIOTOWE W FORMIE NAZWY OGÓLNEJ LUB JEDNOSTKOWEJ
Nazwa ogólna lub geograficzna Finanse
650 #9 - HASŁO PRZEDMIOTOWE W FORMIE NAZWY OGÓLNEJ LUB JEDNOSTKOWEJ
Nazwa ogólna lub geograficzna Handel
650 #9 - HASŁO PRZEDMIOTOWE W FORMIE NAZWY OGÓLNEJ LUB JEDNOSTKOWEJ
Nazwa ogólna lub geograficzna Słownik niemiecko-polski
650 #9 - HASŁO PRZEDMIOTOWE W FORMIE NAZWY OGÓLNEJ LUB JEDNOSTKOWEJ
Nazwa ogólna lub geograficzna Słownik polsko-niemiecki
655 ## - TERMIN INDEKSOWY - OKREŚLENIE RODZAJU/FORMY DOKUMENTU
Określenie rodzaju/formy dokumentu Słowniki
700 1# - HASŁO DODATKOWE - NAZWA OSOBOWA
Nazwa osobowa DREGER, Piotr
700 1# - HASŁO DODATKOWE - NAZWA OSOBOWA
Nazwa osobowa DREGER, Henryk
856 ## - LOKALIZACJA I DOSTĘP DO ELEKTRONICZNYCH DOKUMENTÓW ZDALNYCH
Link (URL) http://koha.tu.koszalin.pl/cgi-bin/koha/opac-detail.pl?biblionumber=53192
Tekst linku Katalog online BPK
942 ## - DODATKOWE ELEMENTY (KOHA)
Typ dokumentu Książka
Egzemplarze
Wycofany Status egzemplarza Uszkodzony Dostępność Lokalizacja stała Lokalizacja bieżąca Miejsce przechowywania Sygnatura Kod kreskowy Typ dokumentu
      Dostępny Biblioteka Politechniki Koszalińskiej Biblioteka Politechniki Koszalińskiej Wypożyczalnia BG 82839 02351018 Książka
      Dostępny Biblioteka Politechniki Koszalińskiej Biblioteka Politechniki Koszalińskiej Wypożyczalnia BG 82840 02351001 Książka
© 2023 Biblioteka Politechniki Koszalińskiej :: KOHA